Catálogo

LA EDUCACION DE LA SEXUALIDAD : (Registro nro. 12799)

Detalles MARC
000 -LEADER
fixed length control field 00500nam a2200169 a 4500
001 - CONTROL NUMBER
control field 12799
005 - DATE AND TIME OF LATEST TRANSACTION
control field 20180713201112.0
008 - FIXED-LENGTH DATA ELEMENTS--GENERAL INFORMATION
fixed length control field 140415s1993 000 0 spa d
041 ## - LANGUAGE CODE
Language code of text/sound track or separate title spa
082 ## - DEWEY DECIMAL CLASSIFICATION NUMBER
Classification number 612.6
Item number LOP
100 1# - MAIN ENTRY--PERSONAL NAME
Personal name LOPEZ ORTEGA MšLLER, JOSE ANTONIO
245 13 - TITLE STATEMENT
Title LA EDUCACION DE LA SEXUALIDAD :
Remainder of title RESPONSABILIDAD DE LA FAMILIA
250 ## - EDITION STATEMENT
Edition statement 2a ed.
260 ## - PUBLICATION, DISTRIBUTION, ETC.
Place of publication, distribution, etc. [s.l.] :
Name of publisher, distributor, etc. LOMA,
Date of publication, distribution, etc. 1993
300 ## - PHYSICAL DESCRIPTION
Extent 272
650 14 - SUBJECT ADDED ENTRY--TOPICAL TERM
Topical term or geographic name entry element EDUCACION PARA LA VIDA FAMILIAR
General subdivision EDUCACION SEXUAL
Existencias
Withdrawn status Lost status Source of classification or shelving scheme Damaged status Not for loan Collection code Home library Current library Shelving location Date acquired Source of acquisition Inventory number Total Checkouts Full call number Barcode Date last seen Date last checked out Price effective from Koha item type
    Dewey Decimal Classification     General Biblioteca Karol Wojtyla Biblioteca Karol Wojtyla Sala general 03/12/2013 Compra 151000000000000000006675 1 612.6 LOP 29470 05/01/2026 04/03/2020 03/12/2013 Libro